02371nam a2200421Ia 450000500170000000800410001702000150005808200160007310000230008924501030011225000190021530000430023449000220027750400410029953400680034065000220040865000280043065000340045865000290049270000300052170000420055194200120059326400340060533600270063933700330066633800280069904000350072799900150076295201300077795201300090795201310103795201300116895201290129895201300142795201300155795201310168795201310181820220317000556.0160601s2001 ag a g 000 0 und  a950121090104a330.9bG24n1 aGélinier, Octave13aLa nueva economía del siglo XXI blas 28 reglas del juego cOctave Gélinier, Emmanuel Pateyron a1a. edición  a247 páginas bilustraciones c22 cm  aPaidós empresa  aIncluye referencias bibliográficas tLa nouvelle économie du 21e. siécle. Les 28 régles du jeu142LEMBaEconomía 142LEMB aGlobalización 142LEMBaDesarrollo económico 142LEMBaMercado monetario 1 aPateyron, Emmanuel9487851 aVillegas, Federicoetraductor 911884 2ddccBK aBuenos Aires bPaidósc2001 atextobtxt2rdacontent asin mediaciónbn2rdamedia avolumenbnc2rdacarrier aCO-BoRNBPbspaerdacCO-BoRNBP c4442d4442 00102ddc40708GENaMEPRICObMEPRICOcGENd2023-01-26l0o330.9 G24npPR00000374r2023-01-26 00:00:00tEj.1w2023-01-26yBK 00102ddc40708GENaMESMARTIbMESMARTIcGENd2023-04-21l0o330.9 G24npSM001106r2023-04-21 00:00:00tEj.1w2023-04-21yBK 00102ddc40708GENaMEMAPIRIbMEMAPIRIcGENd2023-07-06l0o330.9G24npMAP0000310r2023-07-06 00:00:00tEj.1w2023-07-06yBK 00102ddc40708GENaMEBAUPIAbMEBAUPIAcGENd2023-10-30l0o330.9 G24npBUP01285r2023-10-30 21:52:11tEj.1w2023-10-30yBK 00102ddc40708GENaMECUMARAbMECUMARAcLITd2024-05-28l0o330.9G24npCUM00258r2024-05-28 19:56:49tEj.1w2024-05-28yBK 00102ddc40708GENaMEPLOPEZbMEPLOPEZcGENd2025-04-16l0o330.9 G24npPLZ00454r2025-04-16 10:49:22tEj.1w2025-04-16yBK 00102ddc40708GENaMEACACIAbMEACACIAcGENd2025-04-30l0o330.9 G24npACA02472r2025-04-30 16:35:54tEj.1w2025-04-30yBK 00102lcc40708GENaMEPCONCObMEPCONCOcGENd2026-02-05l0o330.9 G24npPCON00674r2026-02-05 15:49:00tEj.1w2026-02-05yBK 00102lcc40708GENaMEPCONCObMEPCONCOcGENd2026-02-05l0o330.9 G24npPCON00675r2026-02-05 15:55:21tEj.1w2026-02-05yBK